000 00648nam a2200217Ia 4500
008 101110s9999 xx 000 0 und d
041 _aMARATHI
082 _bJR5123
100 _aKopardekar Sharadchandra, Sonegaonkar Aruna & others
245 _aAadhunik vanijya sanghatan aani vyavasthapan Std. XI
260 _c2006
_bHimalaya Publishing House, Mumbai
300 _a306
365 _b64
520 _aCommerce
546 _aMARATHI
630 _aAadhunik vanijya sanghatan aani vyavasthapan Std. XI
650 _aCommerce
655 _aCommerce
730 _aAadhunik vanijya sanghatan aani vyavasthapan Std. XI
942 _cBOOK
999 _c795928
_d795925